Á lódáil...

Chemban Mudikkar

Sonraí Bibleagrafaíochta
Príomhúdar: Sadasivan. M. P.
Formáid: Printed Book
Teanga:Malayalam
Foilsithe: Current Books, Kottayam Current Books, Kottayam 1981
LEADER 00445nam a2200121Ia 4500
008 111205s9999 xx 000 0 mal d
100 |a Sadasivan. M. P. 
245 |a Chemban Mudikkar  |c Sadasivan. M. P. 
260 |b Current Books, Kottayam  |a Current Books, Kottayam  |c 1981 
300 |a 247 
942 |c BK 
999 |c 205926  |d 205926 
952 |0 0  |1 0  |4 0  |6 S_9R3  |7 0  |9 227726  |a MAL  |b MAL  |c SEC  |d 2007-05-11  |g 10.00  |j 127  |l 0  |o S9R3  |p MAL17064  |r 2015-04-13  |v 10.00  |w 2015-04-13  |y BK  |k 1.00